000 00594nam a22001937a 4500
003 OSt
005 20240716124834.0
008 160422b xxu||||| |||| 00| 0 eng d
020 _a9970020358.
040 _cDDC.
082 _a320.1676KAB 1995.
100 _aKabwegyere,B.Tarsis;
_98201
245 _aThe Politics of state Formation and destruction in Uganda /
_cTarsis B. Kabwegyere
260 _aKampala,Uganda.
_bFountain Publishers.
_c1995.
300 _av,259p;
_bill;
_c23cm.
504 _aAppendix,Bibliography and index are included.
650 _aPolitics.
_95723
942 _2ddc
_cSLOAN
999 _c3704
_d3704